|
|
|
|
| LEADER |
01506nam a2200445 a 4500 |
| 001 |
nkc20081802685 |
| 003 |
CZ PrNK |
| 005 |
20090626145926.0 |
| 007 |
ta |
| 008 |
080430s2008 xr a g f 000 0 cze |
| 015 |
|
|
|a cnb001802685
|
| 020 |
|
|
|a 978-80-7297-080-3
|q (v knize neuvedeno ;
|q brož.)
|z 978-80-7297-003-2
|
| 035 |
|
|
|a (OCoLC)403622540
|
| 040 |
|
|
|a BOA001
|b cze
|d ABA001
|
| 041 |
1 |
|
|a cze
|h eng
|
| 072 |
|
7 |
|a 17
|x Etika. Morální filozofie
|2 Konspekt
|9 5
|
| 080 |
|
|
|a 177.74
|2 MRF
|
| 080 |
|
|
|a 17.02
|2 MRF
|
| 080 |
|
|
|a (0.062)
|2 MRF
|
| 100 |
1 |
|
|a Schell, David W.
|7 mzk2008448822
|4 aut
|
| 245 |
1 |
0 |
|a Jak a proč odpouštět /
|c napsal David W. Schell ; ilustroval R.W. Alley ; [překlad Alžběta Sirovátková]
|
| 250 |
|
|
|a 1. vyd.
|
| 260 |
|
|
|a Praha :
|b Doron,
|c 2008
|
| 300 |
|
|
|a [73] s. :
|b il. ;
|c 15 cm
|
| 490 |
1 |
|
|a Skřítkova pomoc
|
| 500 |
|
|
|a Přeloženo z angličtiny
|
| 650 |
0 |
7 |
|a odpuštění
|7 ph123699
|2 czenas
|
| 650 |
0 |
7 |
|a životní moudrost
|7 ph128026
|2 czenas
|
| 650 |
0 |
9 |
|a forgiveness
|2 eczenas
|
| 650 |
0 |
9 |
|a life wisdom
|2 eczenas
|
| 655 |
|
7 |
|a populárně-naučné publikace
|7 fd131864
|2 czenas
|
| 655 |
|
9 |
|a popular works
|2 eczenas
|
| 700 |
1 |
|
|a Alley, R. W.,
|d 1955-
|7 xx0022147
|4 ill
|
| 765 |
0 |
|
|t Forgiveness therapy
|9 Česky
|
| 830 |
|
0 |
|a Skřítkova pomoc
|0 s
|
| 910 |
2 |
|
|a BOA001
|b 1-1203.673
|
| 990 |
|
|
|a BK
|
| 995 |
|
|
|a 01
|
| 991 |
|
|
|b 200805
|c NOV
|
| 996 |
6 |
|
|b 2610342230
|c 1-1203.673
|l MZK
|r Sklad / do 1 hodiny
|n 9
|p p.v.
|w 000895351
|u 000010
|a 1
|e BOA001
|j MZK50
|s P
|